|
|
|
|
| LEADER |
00000nam a22000007a 4500 |
| 005 |
20190613131313.0 |
| 007 |
cr|||| |||| |
| 008 |
190613s2017 es |||||s|||| 00||0 spa d |
| 020 |
|
|
|a 978-84-9123-669-6
|
| 035 |
|
|
|a 23744
|
| 040 |
|
|
|a vLex
|
| 090 |
|
|
|c 8883
|d 8883
|
| 245 |
0 |
0 |
|a Actas de Derecho Industrial y Derecho de Autor
|h [Recurso electrn̤ico] :
|b (2016-2017)
|n Tomo XXXVII
|
| 256 |
|
|
|a Servicio en ln̕ea
|
| 260 |
|
|
|a Madrid:
|b Marcial Pons,
|c 2017
|
| 300 |
|
|
|a 1 recurso electrn̤ico
|
| 490 |
|
0 |
|a Actas de Derecho Industrial y Derecho de Autor
|
| 506 |
1 |
|
|a Disponible solo en los productos indicados
|d vLex Global
|d vLex Global (Academic Edition, excluding Law Schools)
|d vLex Global (U.S. Academic Edition, Law Schools)
|d vLex Global (U.S. Academic Edition, excluding Law Schools)
|d vLex Global (Academic Edition, Law Schools)
|
| 650 |
0 |
4 |
|a Derecho Mercantil y de la Empresa
|z Espaą
|
| 650 |
0 |
4 |
|a Derecho Pb︢lico y Administrativo
|z Espaą
|
| 650 |
0 |
4 |
|a Derecho de las Nuevas Tecnologa̕s
|z Espaą
|
| 740 |
0 |
|
|a vLex Libros (Servicio en ln̕ea)
|
| 856 |
4 |
0 |
|u http://vlex.com/source/23744
|z Acceso restringido
|
| 942 |
|
|
|c BOOK
|
| 999 |
0 |
|
|a Business and Company Law
|
| 999 |
0 |
|
|a Public and Administrative Law
|
| 999 |
0 |
|
|a Right of New Technologies
|